[Event "Kortchnoi ZCC 2017-Blitz"]
[Site "Zurich"]
[Date "2017.04.17"]
[Round "5"]
[White "Svidler, Peter"]
[Black "Oparin, Grigoriy"]
[Result "1-0"]
[WhiteElo "2747"]
[BlackElo "2604"]
[Annotator "TA"]
[PlyCount "69"]
[EventDate "2017.??.??"]
[EventType "tourn"]
[EventCountry "SUI"]
[SourceTitle "playchess.com"]
[Source "ChessBase"]
[SourceQuality "1"]

{[%evp 10,69,6,6,6,6,10,6,9,6,8,2,8,1,10,0,14,18,23,16,30,30,23,20,22,29,21,28,39,24,61,27,26,0,0,15,0,0,92,13,4,10,9,11,12,12,12,13,48,35,90,92,145,139,131,129,692,692,692,688,29995,29996]} 1. Nf3 Nf6 2. g3 b5 3. e3 {A05: Réti Opening: 1 Nf3 Nf6} a6 4. Bg2 Bb7 5. b3 e6 6. O-O {LiveBook: 3 Games} Be7 7. c4 O-O 8. Nc3 c5 9. d4 d5 10. cxd5 Nxd5 11. Nxd5 Bxd5 12. dxc5 Bxc5 13. Bb2 $146 Nd7 {[%cal Bb8d7,Bd7f6,Bf6d5][%mdl 32]} 14. Qe2 Nf6 15. Rfd1 Qe7 16. Ne5 Rac8 17. Bxd5 Nxd5 18. a4 f6 19. Nd3 Bb6 20. axb5 axb5 21. e4 Nc3 22. Bxc3 $1 Rxc3 23. Nf4 Rb8 ({Don't capture} 23... Rxb3 $2 24. Ra6 (24. Qa2 Rf3 25. Qxe6+ Qxe6 26. Nxe6 Rb8 $14) 24... g5 25. Rxb6 $18) (23... g5 $11 {remains equal.} 24. Nd3 (24. Qxb5 Qb7 25. Qa6 Qxa6 26. Rxa6 Rc6 27. Nxe6 Rxe6 $17) 24... Kg7) 24. Rd3 ({White should play} 24. Rd2 $16) 24... Rxd3 $11 25. Qxd3 Qc5 26. Ra2 Rd8 $1 {[%cal Rd8d3]} 27. Qe2 $36 {[%mdl 2048] Black is under pressure.} Qc6 28. Rc2 Qe8 29. h4 Bd4 {[#]} (29... Qd7 $14) 30. Qg4 $1 $16 f5 (30... Rd6 $142) 31. exf5 exf5 32. Qxf5 Kh8 $2 {[%mdl 8192]} (32... Qe5 $16 33. Qe6+ Qxe6 34. Nxe6 Rd6) 33. Ne6 $18 Qd7 34. Rc7 g6 35. Rxd7 1-0

[Event "Kortchnoi ZCC 2017-Blitz"]
[Site "Zurich"]
[Date "2017.04.17"]
[Round "6"]
[White "Nakamura, Hikaru"]
[Black "Gelfand, Boris"]
[Result "1/2-1/2"]
[WhiteElo "2793"]
[BlackElo "2724"]
[Annotator "TA"]
[PlyCount "81"]
[EventDate "2017.??.??"]
[EventType "tourn"]
[EventCountry "SUI"]
[SourceTitle "playchess.com"]
[Source "ChessBase"]
[SourceQuality "1"]

{[%evp 16,81,16,0,0,0,15,12,12,3,6,-25,0,-39,-35,-34,2,-14,0,-5,-27,-42,-12,-36,-32,-42,-8,0,0,-51,13,-50,-46,-38,-40,-44,-43,-238,12,19,18,17,12,10,22,17,19,7,50,45,40,26,27,10,42,10,10,0,21,11,10,0,0,0,0,0,0,0]} 1. d4 Nf6 2. c4 e6 3. Nf3 d5 4. Nc3 c6 5. e3 Nbd7 6. Qc2 Bd6 7. Be2 O-O 8. O-O Re8 9. Bd2 {LiveBook: 21 Games} a6 {D45: Semi-Slav: 5 e3} 10. Rad1 e5 11. dxe5 Nxe5 12. cxd5 cxd5 13. Bc1 $146 (13. Nxe5 Bxe5 14. f4 Bb8 15. Bf3 Ba7 16. Kh1 b5 17. Bc1 {1-0 (49) Petrosian,A (2460)-Sveshnikov,E (2525) Moscow 1992}) 13... Nc6 14. Qb3 Be6 {[#] Strongly threatening ...d4.} 15. Ng5 Qc7 16. h3 Rad8 17. Nxe6 fxe6 18. Qa4 Bc5 19. Kh1 Ba7 20. Qh4 Bb8 {[%csl Gb8][%cal Rc7h2] [#]} 21. f4 e5 22. Bd3 (22. e4 $11) 22... e4 (22... exf4 $15 23. Qxf4 (23. Rxf4 $2 d4 24. Ne2 dxe3 25. Bc4+ Kh8 26. Rxd8 Qxd8 27. Rxf6 Qxf6 $19) 23... Qxf4 24. exf4 Nb4) 23. Bc2 ({White should play} 23. Bb1 $11) 23... d4 $1 $15 {[%cal Rd4c3]} 24. Bb3+ Kh8 25. exd4 Nxd4 26. Nd5 $2 (26. Qf2 $15 Nxb3 27. Rxd8 Rxd8 28. axb3) 26... Nxd5 $2 (26... Rxd5 $19 27. Bxd5 Ba7 28. Bxe4 (28. Be3 $2 Nf5 29. Qe1 Nxe3 $19) 28... Nxe4) 27. Rxd4 $11 Nf6 28. Be3 b5 29. Rxd8 Rxd8 30. Rc1 {[%cal Bf1c1,Bc1c6,Bc6e6][%mdl 32]} Qe7 31. Rc6 {next Qg5 is good for White.} Nd5 32. Qxe7 Nxe7 33. Re6 Nf5 34. Bb6 Rf8 35. Kg1 {Black must now prevent g4.} Ng3 {The position is equal.} 36. Bc5 {Hoping for Kf2.} Rc8 37. Be3 {And now Kf2 would win.} Bxf4 $1 38. Kf2 Nh1+ 39. Ke2 Ng3+ 40. Kf2 Nh1+ 41. Ke2 1/2-1/2

[Event "Kortchnoi ZCC 2017-Blitz"]
[Site "Zurich"]
[Date "2017.04.17"]
[Round "6"]
[White "Svidler, Peter"]
[Black "Anand, Viswanathan"]
[Result "1/2-1/2"]
[WhiteElo "2747"]
[BlackElo "2786"]
[Annotator "TA"]
[PlyCount "33"]
[EventDate "2017.??.??"]
[EventType "tourn"]
[EventCountry "SUI"]
[SourceTitle "playchess.com"]
[Source "ChessBase"]
[SourceQuality "1"]

{[%evp 23,33,21,21,0,15,10,14,0,0,0,0,0]} 1. Nf3 d5 2. g3 Nf6 3. Bg2 c5 4. O-O g6 5. c4 Bg7 6. cxd5 Nxd5 7. Nc3 O-O 8. Nxd5 Qxd5 9. d4 cxd4 10. Be3 Nc6 11. Nxd4 Qc4 {D75: Fianchetto Grünfeld: Main Line with 7...c5} (11... Qh5 12. Nxc6 bxc6 13. Rc1 Bg4 14. Rc5 Bxe2 15. Rxh5 Bxd1 16. Rc5 Rad8 17. b4 Ba4 18. Bxc6 Bxc6 19. Rxc6 {½-½ (40) Seeman,T (2411)-Sulskis,S (2517) Vilnius 2017}) 12. Nxc6 bxc6 {LiveBook: 5 Games. The position is equal.} 13. Qb3 $146 (13. Qc1 Ba6 14. Re1 Rac8 15. b3 Qb4 16. Rb1 c5 17. a3 Qa5 18. Bd2 Qc7 19. Bc3 {1-0 (92) Vokac,M (2406)-Low,Z (2245) Prague 2017}) 13... Be6 14. Qxc4 Bxc4 15. Rac1 Bxa2 16. Bxc6 Rab8 ({Reject} 16... Bxb2 17. Rc2 Rab8 18. Bxa7 $14) 17. Bxa7 1/2-1/2

[Event "Kortchnoi ZCC 2017-Blitz"]
[Site "Zurich"]
[Date "2017.04.17"]
[Round "6"]
[White "Oparin, Grigoriy"]
[Black "Kramnik, Vladimir"]
[Result "0-1"]
[WhiteElo "2604"]
[BlackElo "2811"]
[Annotator "TA"]
[PlyCount "76"]
[EventDate "2017.??.??"]
[EventType "tourn"]
[EventCountry "SUI"]
[SourceTitle "playchess.com"]
[Source "ChessBase"]
[SourceQuality "1"]

{[%evp 16,76,-25,-35,-32,-25,-41,-44,-37,-94,-98,-79,-85,-97,-86,-89,-86,-88,-92,-156,-154,-148,-150,-149,-159,-150,-147,-185,-176,-189,-168,-172,-163,-156,-176,-168,-163,-160,-185,-171,-169,-186,-189,-197,-139,-384,-134,-137,-143,-151,-146,-425,-418,-790,-790,-504,-695,-790,-782,-777,-775,-731,-722]} 1. Nf3 d5 2. g3 g6 3. Bg2 Bg7 4. c4 dxc4 5. Na3 {A09: Réti Opening: 1 Nf3 d5 2 c4} e5 6. Qc2 (6. O-O e4 7. Ne1 Nf6 8. Nxc4 O-O 9. d3 Be6 10. Ne3 Nc6 11. Bd2 exd3 12. Nxd3 Qd6 {1-0 (56) Kryvoruchko,Y (2708)-Bluebaum,M (2632) Sharjah 2017}) 6... Ne7 7. Nxc4 Nbc6 8. O-O O-O 9. d3 {LiveBook: 5 Games} Bg4 10. Qb3 $146 (10. Qd1 Qd7 11. Bd2 Rfe8 12. Ne3 Bh3 13. Bxh3 Qxh3 {½-½ (74) Gomes,M (2387)-Javakhishvili,L (2464) Astana 2013}) 10... Rb8 11. Qa3 Re8 12. Ne3 (12. e4 $15) 12... Bxf3 $17 13. Bxf3 Nd4 14. Qxa7 Nxf3+ 15. exf3 Qxd3 16. Qc5 Nc6 17. Kg2 (17. Qc4 $142 e4 18. Qxd3 exd3 19. Rd1) 17... e4 {aiming for ...exf3+.} 18. f4 Qe2 19. Nc2 Rbd8 20. Be3 h5 (20... Bxb2 $6 21. Rab1 Bf6 22. Rxb7 $11) 21. h4 Ne7 (21... Bxb2 22. Rab1 Bf6 23. Rxb7 $15) 22. Rae1 Qf3+ 23. Kh2 Nf5 (23... Bxb2 24. Rb1 Bf6 25. Rxb7 $15) 24. Qb5 Re6 25. Qe2 ({Of course not} 25. Qxb7 Red6 26. Qb4 c5 $1 $17 {[%mdl 512]}) 25... Bxb2 26. Qxf3 exf3 27. Rb1 Bf6 28. Rxb7 {[#]} Rc6 $1 {[%cal Rc6c2]} ({Much less strong is} 28... Nxe3 29. Nxe3 Rd2 30. Kh3 $17) 29. Nb4 Rc4 ({Better is} 29... Rc3 $19 {White must now prevent ...c5.} 30. Bc1 Rc4) 30. Ba7 $2 (30. Na6 $17 {was worth a try.}) 30... Nh6 $2 (30... Nd6 $19 {is more deadly.} 31. Rxc7 Rxc7) 31. Na6 Ng4+ 32. Kg1 Ra4 $36 {[%mdl 2048] Black is really pushing.} 33. Nxc7 $2 {[%mdl 8192]} (33. Nb4 $17) 33... Rxa2 $19 34. Bc5 (34. Nb5 $142 Rd5 35. Be3) 34... Bd4 {Black is clearly winning.} 35. Bxd4 Rxd4 36. Nb5 Rd3 37. Ra7 {[#]} Rb2 $1 38. Ra3 Rdd2 0-1

[Event "Kortchnoi ZCC 2017-Blitz"]
[Site "Zurich"]
[Date "2017.04.17"]
[Round "6"]
[White "Pelletier, Yannick"]
[Black "Nepomniachtchi, Ian"]
[Result "0-1"]
[WhiteElo "2541"]
[BlackElo "2751"]
[Annotator "TA"]
[PlyCount "108"]
[EventDate "2017.??.??"]
[EventType "tourn"]
[EventCountry "SUI"]
[SourceTitle "playchess.com"]
[Source "ChessBase"]
[SourceQuality "1"]

{[%evp 20,108,35,27,52,48,42,54,50,58,54,35,34,33,50,9,16,0,13,9,13,15,15,17,10,16,45,50,54,27,25,25,25,25,27,39,26,20,59,23,75,36,47,29,25,33,37,0,6,0,34,0,33,35,31,0,0,0,0,0,0,0,0,0,0,0,0,-339,-339,-339,-332,-331,-325,-306,-308,-325,-321,-345,-276,-731,-695,-7904,-6309,-29939,-29956,-6079,-4731,-29950,-5181,-6095,-5122]} 1. Nf3 c5 2. c4 Nf6 {[%cal Bg8f6,Bf6d5,Bd5b4][%mdl 32]} 3. Nc3 d5 4. cxd5 Nxd5 5. e4 Nb4 6. Bb5+ Bd7 7. a3 {A34: Symmetrical English: 2 Nc3, lines with ...d5} N4c6 8. d4 (8. O-O Bg4 9. d3 e6 10. Be3 a6 11. Bxc6+ Nxc6 12. h3 Bxf3 13. Qxf3 Be7 14. Rfd1 O-O 15. Ne2 Rc8 16. d4 cxd4 17. Nxd4 Qe8 18. Nxc6 Qxc6 {½-½ (18) Zhou,J (2600)-Vidit,S (2644) Al Ain 2015}) 8... cxd4 9. Nxd4 Nxd4 10. Qxd4 Nc6 11. Qe3 {LiveBook: 3 Games} g6 12. O-O Bg7 13. Rd1 O-O 14. Bxc6 bxc6 15. Na4 $146 Qc7 16. Bd2 Be5 17. g3 Bg4 18. Rdc1 Rfd8 19. Bc3 Bxc3 20. Rxc3 Rd6 21. Kg2 Qd7 22. h4 Rd8 ({Much worse is} 22... Rd1 23. Nc5 (23. Rxd1 Qxd1 24. Nc5 Rd8 $14) 23... Qc7 24. Rxd1 Bxd1 25. Nd3 $16) 23. Nc5 Qc8 24. Rd3 a5 25. Rc1 h5 26. Rxd6 exd6 27. Nd3 Re8 28. Qd4 Qd7 29. Nf4 Be6 (29... Qb7 $11 {remains equal.}) 30. Qc3 c5 31. Qxa5 Qb7 $1 32. Qd2 ({Don't play} 32. Qa4 Bd7 33. Qc2 Rxe4 $15) 32... Qxe4+ 33. f3 Qb7 34. Re1 Rb8 35. b4 Bc4 {[%cal Rc5b4]} 36. Qxd6 cxb4 37. axb4 {[#] Strongly threatening Nxg6!} Ra8 {aiming for ...Ra2+.} 38. Rd1 Ra3 (38... Ra2+ $5 39. Rd2 $8 Qa8 $14) 39. Nd5 {Hoping for Nf6+.} Ra2+ 40. Kg1 Bxd5 41. Qxd5 $11 {[%mdl 4096] Endgame KQR-KQR} Qb6+ 42. Qd4 Qe6 {[#] ...Qe2 is the strong threat.} 43. Rf1 $2 {[%mdl 8192]} (43. Qc3 $11 {and White has nothing to worry.} Qe7 44. Kh1) 43... Qh3 $19 {[%csl Ga2][%cal Rh3h2]} 44. Rf2 Qxg3+ 45. Kf1 Qh3+ 46. Kg1 Ra8 47. b5 Re8 48. Qb4 Rd8 {( -> ...Rd1+)} 49. Qb1 $2 (49. Rf1 Qg3+ 50. Kh1) 49... Qg3+ 50. Rg2 Qxf3 51. Kh2 Qf4+ 52. Kg1 Qd4+ 53. Rf2 Qg4+ (53... Ra8 $142 54. Kg2 Ra1 55. Qxa1 Qxa1 56. Kf3 Qc3+ 57. Kg2 Qd4 58. Kg1 Qxh4 59. Kf1 Qc4+ 60. Kg1 Qxb5 61. Rf3 g5 62. Rf2 g4 63. Rg2 Qc4 64. Rg3 h4 65. Re3 Qc5 66. Kf2 h3 67. Kf1 h2 68. Re8+ Kg7 69. Rg8+ Kxg8 70. Ke2 h1=Q 71. Kd2 Qd4+ 72. Ke2 Qhd1#) 54. Kh2 Rd1 0-1

[Event "Kortchnoi ZCC 2017-Blitz"]
[Site "Zurich"]
[Date "2017.04.17"]
[Round "7"]
[White "Kramnik, Vladimir"]
[Black "Svidler, Peter"]
[Result "1-0"]
[WhiteElo "2811"]
[BlackElo "2747"]
[Annotator "TA"]
[PlyCount "75"]
[EventDate "2017.??.??"]
[EventType "tourn"]
[EventCountry "SUI"]
[SourceTitle "playchess.com"]
[Source "ChessBase"]
[SourceQuality "1"]

{[%evp 10,75,13,13,15,16,17,2,12,8,14,14,9,11,27,23,39,40,47,26,38,10,12,-14,105,105,129,136,106,35,107,39,125,123,125,109,143,165,168,82,121,97,96,104,88,92,87,83,138,134,125,31,31,25,43,0,0,0,226,201,269,291,279,188,29965,29967,5129,5021]} 1. Nf3 c5 2. e3 Nf6 3. d4 d5 4. Nbd2 e6 5. b3 cxd4 {D05: Colle System with ...e6} (5... Nc6 6. Bb2 Bd6 7. a3 O-O 8. Bd3 cxd4 9. exd4 Nd7 10. O-O Re8 11. Re1 b6 12. c4 Bb7 13. cxd5 exd5 14. Rxe8+ Qxe8 15. Qc2 {½-½ (41) Markowski,T (2558)-Socko,B (2651) Chorzow 2013}) 6. exd4 {LiveBook: 6 Games} Bd6 7. Bd3 b6 {The position is equal.} 8. Qe2 $146 (8. Bb2 O-O 9. O-O Nc6 10. a3 Qc7 11. Re1 Bb7 12. Ne5 Rac8 13. f4 a6 14. Qf3 Rfd8 15. Qh3 h6 16. f5 exf5 17. Qxf5 {1-0 (53) Evans,G (2226)-Fleurackers,N (2255) IECG email 2001}) 8... Nc6 9. a3 Bb7 10. Bb2 Rc8 11. Ne5 Nd7 12. f4 Qh4+ 13. g3 Qe7 14. O-O O-O 15. Nxd7 $40 {[%mdl 128] White attacks.} Qxd7 16. f5 exf5 (16... e5 $1 $11) 17. Bxf5 $16 Qe8 18. Qd3 $1 Rc7 19. Bxh7+ Kh8 {...g6 is the strong threat.} 20. Bf5 (20. g4 $1 $16 {Black must now prevent Qh3.} Qe6 21. Qh3) 20... g6 ({Black should play} 20... Ne7 $1 $14) 21. Bh3 Re7 22. Nf3 Bc8 23. Bxc8 Qxc8 24. Rae1 (24. Rf2 $18 {has better winning chances.}) 24... Rxe1 25. Rxe1 Ne7 26. c4 {Threatens to win with c5.} Kg8 27. Kg2 Nf5 28. cxd5 Re8 {[#]} (28... Qb7 $142) 29. Rxe8+ $1 Qxe8 30. Bc1 ({Better is} 30. Ne5 $16) 30... Ne7 $1 $14 31. Qe4 {aiming for Bg5.} Qb5 32. Bf4 Bxa3 33. d6 Nf5 $2 (33... Nd5 $11 {and Black has nothing to worry.}) 34. Qa8+ $18 Kg7 35. Be5+ (35. Qxa7 $2 Qe2+ 36. Kg1 (36. Kh3 $2 Qxf3 37. Be5+ Kh6 38. Bf4+ g5 39. Qxf7 Qf1+ 40. Kg4 Ne3+ 41. Bxe3 Qxf7 $19) 36... Ne3 37. Be5+ Kh6 38. Bf4+ Kh5 39. Bxe3 Qxe3+ 40. Kg2 Qe2+ 41. Kg1 Bc1 $19) 35... f6 36. Qxa7+ Kh6 $2 {[#]} (36... Kf8 $18) 37. Bf4+ $1 ({And not} 37. Qxa3 Qe2+ 38. Kg1 (38. Kh3 $2 Qxf3 39. Qc1+ g5 40. Bxf6 Ne3 41. Qxe3 Qxe3 $19) 38... Qe3+ 39. Kg2 Qe2+ 40. Kg1 (40. Kh3 Ne3 41. Bf4+ Kh5 42. Qc5+ bxc5 43. g4+ Nxg4 44. Ng1 Qf1+ 45. Kg3 Qf2+ 46. Kh3 Qxg1 47. dxc5 Nf2#) 40... Qe3+ 41. Kg2 Qe2+ $11) 37... g5 38. Qf7 ({Not} 38. Qxa3 Qe2+ 39. Kg1 (39. Kh3 {leads to mate.} Qxf3 40. Qa8 Qxa8 41. d5 Qxd5 42. Kg4 Qe4 43. Kh3 Qf3 44. Bd2 Kh5 45. Be1 g4#) 39... Qxf3 $11) 1-0

[Event "Kortchnoi ZCC 2017-Blitz"]
[Site "Zurich"]
[Date "2017.04.17"]
[Round "7"]
[White "Anand, Viswanathan"]
[Black "Nakamura, Hikaru"]
[Result "1/2-1/2"]
[WhiteElo "2786"]
[BlackElo "2793"]
[Annotator "TA"]
[PlyCount "52"]
[EventDate "2017.??.??"]
[EventType "tourn"]
[EventCountry "SUI"]
[SourceTitle "playchess.com"]
[Source "ChessBase"]
[SourceQuality "1"]

{[%evp 9,52,28,31,10,14,12,19,0,7,3,-1,-2,8,0,0,0,20,21,33,34,36,37,70,67,78,16,25,18,25,0,0,0,16,0,0,0,0,0,7,0,-6,-20,-29,-29,-25]} 1. e4 e5 2. Nf3 Nc6 3. Bb5 Nf6 4. d3 Bc5 5. Bxc6 dxc6 6. Be3 {C65: Ruy Lopez: Berlin Defence (3...Nf6), unusual lines and 4 0-0 Bc5} (6. O-O $5 {looks sharper.} Bd6 7. Bg5 h6 8. Bh4 Be6 9. Nbd2) 6... Bd6 7. h3 Be6 8. Nc3 $146 {The position is equal.} (8. Nbd2 h6 9. d4 exd4 10. Nxd4 Qe7 11. Qf3 O-O 12. O-O Rfe8 13. Rfe1 Rad8 14. c3 Bc8 15. Bf4 Bxf4 16. Qxf4 c5 17. N4f3 b6 18. Re3 Nh7 19. Nf1 Nf8 {½-½ (19) Nepomniachtchi,I (2706)-Kramnik,V (2780) Khanty-Mansiysk 2010}) 8... Nd7 9. Ng5 Nf8 10. O-O f6 11. Nxe6 Nxe6 12. Ne2 O-O 13. c3 Kh8 14. Qb3 Qc8 15. d4 exd4 16. cxd4 c5 17. dxc5 ({Better is} 17. d5 $16 Ng5 18. f3) 17... Nxc5 $11 18. Qc2 Ne6 19. Nd4 Nxd4 20. Bxd4 Qe6 21. a3 Rad8 22. Rad1 (22. Bxa7 $2 b6 23. Rad1 (23. f4 $2 Ra8 24. Qa4 Bc5+ 25. Kh2 b5 26. Qxb5 Bxa7 $19) 23... Ra8 24. Bxb6 cxb6 $19) 22... Rfe8 23. Rfe1 ({Much worse is} 23. Bxa7 b6 24. Kh1 Ra8 25. Bxb6 cxb6 $19) 23... a5 24. Bc5 Be5 25. b4 axb4 26. axb4 h6 1/2-1/2

[Event "Kortchnoi ZCC 2017-Blitz"]
[Site "Zurich"]
[Date "2017.04.17"]
[Round "7"]
[White "Nepomniachtchi, Ian"]
[Black "Oparin, Grigoriy"]
[Result "0-1"]
[WhiteElo "2751"]
[BlackElo "2604"]
[Annotator "TA"]
[PlyCount "117"]
[EventDate "2017.??.??"]
[EventType "tourn"]
[EventCountry "SUI"]
[SourceTitle "playchess.com"]
[Source "ChessBase"]
[SourceQuality "1"]

{[%evp 10,117,32,5,13,10,10,10,10,10,10,0,12,0,0,6,20,-37,-32,-62,-44,-60,-33,-99,-94,-87,-102,-99,-70,-95,-46,-66,-66,-69,-61,-69,-16,-79,-70,-103,-73,-76,-29,-146,-112,-109,-102,-106,-104,-131,-131,-98,-99,-95,-37,-90,-45,-352,-352,-352,-352,-363,-363,-363,-363,-491,-491,-510,-504,-490,-439,-442,-410,-397,-366,-487,-475,-484,-495,-500,-498,-490,-487,-488,-474,-479,-468,-458,-449,-545,-540,-539,-493,-1446,-1397,-1250,-1165,-2016,-1721,-4439,-4133,-3021,-2521,-29981,-29982,-29982,-29979,-29980,-29980,-29980]} 1. e4 c5 2. Nf3 d6 3. d4 cxd4 4. Nxd4 Nf6 5. Nc3 a6 6. Nb3 e6 {B90: Sicilian Najdorf: Unusual White 6th moves, 6 Be3 Ng4 and 6 Be3 e5} (6... e5 7. Bg5 Be7 8. Bxf6 Bxf6 9. Qd3 Be6 10. O-O-O Be7 11. Nd5 Bxd5 12. Qxd5 Qc7 13. Kb1 O-O 14. Na5 Nc6 15. Nc4 Rad8 {1-0 (50) Grischuk,A (2737)-Nepomniachtchi,I (2767) Doha 2016}) 7. g4 b5 8. a3 Bb7 {The position is equal.} 9. Bg2 Nfd7 10. g5 Nc6 11. h4 Be7 12. f4 h6 13. Qg4 $146 (13. Be3 $11) (13. Be3 hxg5 14. hxg5 Rxh1+ 15. Bxh1 {1-0 (61) Bedia,M (2431)-Potrekeev,P (2195) Gelendzhik 2017}) 13... b4 $15 14. Ne2 bxa3 15. bxa3 Qc7 16. Bb2 (16. Rh3 $15) 16... hxg5 $17 17. hxg5 Rxh1+ 18. Bxh1 g6 19. Qh3 Na5 20. Qh8+ Nf8 21. Nxa5 Qxa5+ 22. Bc3 Qc5 (22... Qb5 $15) 23. Qh3 (23. Rb1 $11 {remains equal.} Bc6 24. Bb4) 23... e5 24. Rb1 Bc6 {[%cal Bb7c6,Bc6b5,Bb5d7][%mdl 32]} 25. Bb4 Qc4 {...Ne6 is the strong threat.} (25... Qxc2 $6 26. Rc1 Qa4 27. fxe5 dxe5 28. Bxe7 Kxe7 29. Qc3 $11) 26. Rb3 (26. Rd1 $11 {keeps the balance.}) 26... Bb5 {[%csl Gb5][%cal Rc4e2] [#]} (26... exf4 27. Rc3 Qb5 28. e5 (28. Nd4 Qxg5 29. Nxc6 a5 $11) 28... Bxh1 29. exd6 Bxd6 30. Bxd6 $14) 27. Bf3 a5 $36 {[%mdl 2048] Black has strong initiative.} 28. Bd2 Bd7 29. f5 Qxc2 30. Rc3 Qb1+ 31. Rc1 Qb3 ({Black should try} 31... Qd3 $17 {And now ...Rc8 would win.} 32. Rc3 Qb5) 32. Nc3 $1 $15 Rc8 {Threatens to win with ...Bxg5!} 33. Qf1 $2 {[%mdl 8192] [#]} (33. Be2 $15) 33... Bxg5 $1 $19 {[%mdl 512]} ({Not} 33... Qxa3 34. f6 Bd8 35. Bd1 $19) 34. Bxg5 {Hoping for fxg6.} Rxc3 35. Rxc3 Qxc3+ 36. Kf2 gxf5 37. Qb1 Ne6 38. Bf6 Nd4 39. Be2 Qc2 40. Qxc2 Nxc2 41. exf5 Bxf5 {[%mdl 4096] Endgame KBB-KBN} 42. a4 Bd7 43. Bd1 Nb4 ({Don't take} 43... Bxa4 44. Bxc2 Bxc2 45. Ke2 $19) 44. Bg5 Nd3+ 45. Kg3 Nb2 46. Be2 Nxa4 ({Weaker is} 46... Bxa4 47. Bc1 $19) 47. Bd2 Nc5 {White must now prevent ...Ne4+.} 48. Bxa5 Ke7 49. Bb4 f5 {[%cal Bf7f5,Bf5f4][%mdl 32]} 50. Ba3 Kf6 51. Bc4 (51. Kh4 $142) 51... Be6 52. Bb5 f4+ 53. Kf3 Kg5 54. Bc6 Bg4+ 55. Kg2 e4 56. Bxc5 dxc5 {Black mates.} 57. Bxe4 Kf6 58. Kf2 Ke5 59. Bg6 0-1

[Event "Kortchnoi ZCC 2017-Blitz"]
[Site "Zurich"]
[Date "2017.04.17"]
[Round "7"]
[White "Gelfand, Boris"]
[Black "Pelletier, Yannick"]
[Result "1-0"]
[WhiteElo "2724"]
[BlackElo "2541"]
[Annotator "TA"]
[PlyCount "63"]
[EventDate "2017.??.??"]
[EventType "tourn"]
[EventCountry "SUI"]
[SourceTitle "playchess.com"]
[Source "ChessBase"]
[SourceQuality "1"]

{[%evp 24,63,36,43,35,12,24,35,29,16,12,20,32,45,40,19,33,26,4,2,81,77,174,174,176,176,176,184,185,185,168,177,206,200,239,238,403,395,803,788,596,325]} 1. d4 Nf6 2. c4 e6 3. Nc3 Bb4 4. Nf3 c5 5. g3 cxd4 6. Nxd4 O-O 7. Bg2 d5 8. cxd5 Nxd5 9. Bd2 Nxc3 10. bxc3 Be7 11. Rb1 a6 {E20: Nimzo-Indian: 4 g3 and 4 f3} (11... Nd7 12. Rxb7 Bxb7 13. Bxb7 Bf6 14. Bxa8 Qxa8 15. O-O Rc8 16. Be3 Nb6 17. Qd3 Rd8 18. Qc2 Nc4 19. Bc1 Bxd4 20. cxd4 Rxd4 {½-½ (31) Mamedyarov,S (2731)-Kasimdzhanov,R (2672) Elista 2008}) 12. O-O e5 13. Nc2 {LiveBook: 3 Games} ({Much weaker is} 13. Bxb7 Bxb7 14. Rxb7 exd4 $17) 13... Nc6 {White is slightly better.} 14. Ne3 Be6 $146 (14... Na5 15. c4 Bc5 16. Bc3 Bd4 17. Qd2 Nc6 18. Bxc6 bxc6 19. Rfd1 {1-0 (35) Istratescu,A (2545)-Negulescu,A (2450) Baile Tusnad 1997}) 15. Rxb7 Na5 16. Rb2 Rc8 17. Qa4 Nc4 18. Nxc4 Bxc4 19. Be3 Bb5 20. Rxb5 axb5 21. Qxb5 Qc7 (21... Rxc3 $11 {remains equal.} 22. Qxe5 Bf6) 22. Bb7 $16 Rb8 (22... Qc4 $16 23. Qxe5 Bf6) 23. Rb1 $18 Qxc3 {[#]} 24. a4 $1 Bd8 25. Ba7 Ba5 {intending ...Rbd8.} 26. Bxb8 Rxb8 27. Rd1 e4 28. e3 g6 29. Rd7 $40 {[%mdl 128] White attacks with force.} Qc1+ $2 {[#]} (29... Qb4 30. Qd5 Rf8) 30. Kg2 $1 Be1 $2 (30... Qc3 31. Rxf7 Kxf7) 31. Qb3 Rf8 32. Bxe4 1-0